[Event "XII Sabadell Open 2019"]
[Site "Sabadell"]
[Date "2019.09.08"]
[Round "7.10"]
[White "Vergara Jofre, Felipe"]
[Black "Lever, Erwan"]
[Result "1/2-1/2"]
[WhiteElo "2343"]
[BlackElo "2221"]
[Annotator "TA"]
[PlyCount "106"]
[EventDate "2019.09.01"]
[EventCountry "ESP"]
[SourceTitle "playchess.com"]
[Source "ChessBase"]
[SourceQuality "1"]

{[%evp 18,106,0,0,0,17,0,0,0,0,0,0,0,0,0,0,5,5,8,5,11,0,0,0,2,-3,0,-9,0,-4,0,-5,0,-27,-14,-18,0,-12,-11,-62,-62,-62,-21,-21,-21,-62,-62,-62,-62,-62,-62,-62,-62,-62,-62,-62,-62,-62,-62,-62,-62,-62,-62,-62,-52,-52,-52,-52,-52,-52,-52,-59,0,0,0,0,0,0,0,0,40,0,0,0,0,0,0,0,0,0,0]} 1. e4 c5 2. Nf3 e6 3. d4 cxd4 4. Nxd4 a6 $146 ({Predecessor:} 4... Nc6 5. Nc3 a6 6. Be2 Qc7 7. O-O b5 8. Nxc6 dxc6 9. e5 Qxe5 10. Bf3 {½-½ (49) Navara,D (2707)-Movsesian,S (2718) Czechia 2010}) 5. Nc3 Qc7 6. Be2 b5 7. O-O Bb7 8. Bf3 Nc6 9. Nxc6 dxc6 10. e5 Qxe5 {B43: Sicilian: Kan Variation: 5 Nc3} 11. Re1 Qc7 12. a4 Nf6 13. axb5 axb5 14. Nxb5 cxb5 15. Rxa8+ Bxa8 16. Bxa8 Bd6 17. g3 O-O 18. Bf3 b4 19. Qd3 h6 20. Be3 Rd8 21. Qb3 Rc8 22. Rd1 Be7 23. Rc1 Qe5 24. Ra1 Qf5 25. Ra8 Rxa8 26. Bxa8 Ng4 27. Bb6 Qb5 28. h3 ({White should play} 28. Bd4 $1 $11) 28... Qxb6 $15 29. hxg4 Bc5 30. Qf3 Qa7 31. Be4 Qa1+ 32. Kg2 Qxb2 33. Bd3 g6 34. Qf4 Kg7 35. Qc4 Qe5 36. Qe4 Qd6 37. Kf1 Bd4 38. Kg2 Qc5 39. Qf4 Qc3 {[#] ...b3 is the strong threat.} 40. Qe4 e5 41. Qf3 Bb6 42. Qe4 Qc5 43. Qf3 Qd4 44. Kf1 h5 ({Black should try} 44... Qd7 $15) 45. gxh5 $11 f5 {[#] And now ...e4! would win.} 46. Be2 e4 47. Qf4 Kf6 48. g4 {Hoping for h6.} e3 (48... Qc5 {looks sharper.} 49. hxg6 Kxg6 50. Ba6 Qd5 51. Ke1 Qc5) 49. Qxd4+ (49. g5+ {feels hotter.} Ke6 50. Qxd4 Bxd4 51. Bc4+ Ke7 52. fxe3 Bxe3 53. hxg6 Kf8 54. Bd3) 49... Bxd4 {The position is equal.} 50. fxe3 Bxe3 51. hxg6 fxg4 52. Bxg4 Kxg6 53. Ke2 Bd4 {Accuracy: White = 61%, Black = 62%.} 1/2-1/2

[Event "XII Sabadell Open 2019"]
[Site "Sabadell"]
[Date "2019.09.08"]
[Round "7.11"]
[White "Martinez Romero, Martin"]
[Black "Rivera, Ingris"]
[Result "1-0"]
[WhiteElo "2421"]
[BlackElo "2236"]
[Annotator "NA RC"]
[PlyCount "75"]
[EventDate "2019.09.01"]
[EventCountry "ESP"]
[SourceTitle "playchess.com"]
[Source "ChessBase"]
[SourceQuality "1"]
[TimeControl "5400+30"]

1. e4 {[%emt 0:00:00]} c5 {[%emt 0:00:27]} 2. Nf3 {[%emt 0:00:00]} d6 {[%emt 0:00:10]} 3. d4 {[%emt 0:00:07]} cxd4 {[%emt 0:00:16]} 4. Nxd4 {[%emt 0:00:08]} Nf6 {[%emt 0:00:12]} 5. Nc3 {[%emt 0:00:05]} a6 {[%emt 0:00:15]} 6. Bc4 {[%emt 0:00:06]} e6 {[%emt 0:00:13]} 7. Bb3 {[%emt 0:01:16]} Nbd7 {[%emt 0:00:34]} 8. O-O {[%emt 0:01:51]} Nc5 {[%emt 0:00:36]} 9. f4 {[%emt 0:02:01]} Nxb3 {[%emt 0:01:58]} 10. axb3 {[%emt 0:00:00]} Be7 {[%emt 0:03:40]} 11. Be3 {[%emt 0:01:43]} O-O {[%emt 0:00:06]} 12. Qf3 {[%emt 0:03:26]} Qc7 {[%emt 0:03:52]} 13. g4 {[%emt 0:00:00]} b5 {[%emt 0:09:41]} 14. Ndxb5 {[%emt 0:01:10]} axb5 {[%emt 0:01:07]} 15. Rxa8 {[%emt 0:00:00]} b4 {[%emt 0:00:37]} 16. Ra7 {[%emt 0:00:32]} Qc6 {[%emt 0:01:09]} 17. Ne2 {[%emt 0:00:22]} Bd8 {[%emt 0:01:11]} 18. Nd4 {[%emt 0:01:29]} Qxe4 {[%emt 0:00:54]} 19. Qxe4 {[%emt 0:00:14]} Nxe4 {[%emt 0:00:21]} 20. Nc6 {[%emt 0:00:20]} Nf6 {[%emt 0:12:04]} 21. Rd1 {[%emt 0:03:19]} Nd5 {[%emt 0:00:00]} 22. Bf2 {[%emt 0:04:29]} h5 {[%emt 0:04:15]} 23. gxh5 {[%emt 0:04:08]} Nxf4 {[%emt 0:02:46]} 24. Nxd8 {[%emt 0:03:30]} Rxd8 {[%emt 0:00:25]} 25. Bb6 {[%emt 0:00:30]} Re8 {[%emt 0:00:32]} 26. Rxd6 {[%emt 0:00:22]} e5 {[%emt 0:05:36]} 27. Kf2 {[%emt 0:06:59]} Be6 {[%emt 0:00:00]} 28. Rd8 {[%emt 0:01:31]} Rxd8 {[%emt 0:00:00]} 29. Bxd8 {[%emt 0:00:08]} Nd5 {[%emt 0:00:00]} 30. Ba5 {[%emt 0:01:59]} e4 {[%emt 0:00:00]} 31. c4 {[%emt 0:01:44]} bxc3 {[%emt 0:02:11]} 32. Bxc3 {[%emt 0:01:29]} Bg4 {[%emt 0:09:46]} 33. b4 {[%emt 0:02:15]} e3+ {[%emt 0:00:19]} 34. Kg3 {[%emt 0:01:05]} Bd1 {[%emt 0:00:44]} 35. Rd7 {[%emt 0:01:02]} Bb3 {[%emt 0:00:26]} 36. b5 {[%emt 0:08:52]} Bc4 {[%emt 0:11:29]} 37. b3 {[%emt 0:03:35]} Bxb3 {[%emt 0:02:02]} 38. b6 {[%emt 0:06:58]} 1-0

[Event "XII Sabadell Open 2019"]
[Site "Sabadell"]
[Date "2019.09.08"]
[Round "7.12"]
[White "Bedoya Rosales, Luis"]
[Black "Prats Rodriguez, Juan Bosco"]
[Result "1-0"]
[WhiteElo "1918"]
[BlackElo "1936"]
[Annotator "NA"]
[PlyCount "83"]
[EventDate "2019.09.01"]
[EventCountry "ESP"]
[SourceTitle "playchess.com"]
[Source "ChessBase"]
[SourceQuality "1"]
[TimeControl "5400+30"]

1. e4 {[%emt 0:03:52]} d6 {[%emt 0:00:25]} 2. d4 {[%emt 0:00:25]} Nf6 {[%emt 0:00:00]} 3. Nc3 {[%emt 0:00:08]} g6 {[%emt 0:00:08]} 4. Be3 {[%emt 0:00:50]} a6 {[%emt 0:00:00]} 5. a4 {[%emt 0:00:21]} Bg7 {[%emt 0:00:08]} 6. Be2 {[%emt 0:00:10]} Nc6 {[%emt 0:02:02]} 7. Nf3 {[%emt 0:00:28]} O-O {[%emt 0:00:06]} 8. O-O {[%emt 0:04:07]} e5 {[%emt 0:04:19]} 9. dxe5 {[%emt 0:00:00]} dxe5 {[%emt 0:14:14]} 10. h3 {[%emt 0:13:29]} Re8 {[%emt 0:03:00]} 11. Re1 {[%emt 0:01:24]} Be6 {[%emt 0:05:51]} 12. Ng5 {[%emt 0:01:45]} Nd4 {[%emt 0:04:26]} 13. Nxe6 {[%emt 0:07:52]} Nxe2+ {[%emt 0:04:09]} 14. Qxe2 {[%emt 0:01:32]} fxe6 {[%emt 0:06:37]} 15. a5 {[%emt 0:09:47]} Bf8 {[%emt 0:08:24]} 16. Qc4 {[%emt 0:11:24]} Bd6 {[%emt 0:00:00]} 17. Red1 {[%emt 0:07:12]} Qe7 {[%emt 0:01:18]} 18. Na4 {[%emt 0:06:06]} Kf7 {[%emt 0:05:11]} 19. Rd3 {[%emt 0:00:00]} Nd7 {[%emt 0:02:22]} 20. Rad1 {[%emt 0:07:44]} Red8 {[%emt 0:05:03]} 21. c3 {[%emt 0:03:53]} Kg7 {[%emt 0:05:07]} 22. b4 {[%emt 0:02:22]} Kf7 {[%emt 0:03:44]} 23. Qa2 {[%emt 0:06:08]} Qh4 {[%emt 0:04:37]} 24. f3 {[%emt 0:04:03]} Nf8 {[%emt 0:04:49]} 25. Qf2 {[%emt 0:03:15]} Qxf2+ {[%emt 0:01:00]} 26. Kxf2 {[%emt 0:00:24]} Ke8 {[%emt 0:04:00]} 27. Ke2 {[%emt 0:04:06]} Rab8 {[%emt 0:00:00]} 28. Bg5 {[%emt 0:00:39]} Be7 {[%emt 0:02:35]} 29. Rxd8+ {[%emt 0:00:28]} Rxd8 {[%emt 0:00:00]} 30. Rxd8+ {[%emt 0:00:19]} Bxd8 {[%emt 0:00:00]} 31. Bxd8 {[%emt 0:00:23]} Kxd8 {[%emt 0:00:00]} 32. Nc5 {[%emt 0:00:10]} Kc8 {[%emt 0:00:00]} 33. h4 {[%emt 0:02:23]} Kb8 {[%emt 0:03:11]} 34. Ke3 {[%emt 0:00:00]} Ka7 {[%emt 0:00:10]} 35. f4 {[%emt 0:00:00]} b6 {[%emt 0:01:05]} 36. Nd3 {[%emt 0:00:00]} exf4+ {[%emt 0:00:45]} 37. Kxf4 {[%emt 0:00:04]} Kb7 {[%emt 0:00:43]} 38. Ke5 {[%emt 0:01:08]} Kc6 {[%emt 0:00:06]} 39. c4 {[%emt 0:00:34]} bxa5 {[%emt 0:00:23]} 40. bxa5 {[%emt 0:00:06]} h6 {[%emt 0:00:54]} 41. Kf6 {[%emt 0:01:08]} Kd6 {[%emt 0:02:08]} 42. e5+ {[%emt 0:00:00] Kd5} 1-0

[Event "XII Sabadell Open 2019"]
[Site "Sabadell"]
[Date "2019.09.08"]
[Round "7.14"]
[White "Alcon Davalos, Marc"]
[Black "Ribera Caro, Joan"]
[Result "1/2-1/2"]
[WhiteElo "1459"]
[BlackElo "1342"]
[Annotator "NA"]
[PlyCount "65"]
[EventDate "2019.09.01"]
[EventCountry "ESP"]
[SourceTitle "playchess.com"]
[Source "ChessBase"]
[SourceQuality "1"]
[TimeControl "5400+30"]

1. e4 {[%emt 0:00:00]} e6 {[%emt 0:00:00]} 2. d4 {[%emt 0:00:03]} d5 {[%emt 0:00:00]} 3. exd5 {[%emt 0:00:11]} exd5 {[%emt 0:00:05]} 4. Bd3 {[%emt 0:00:27]} Bd6 {[%emt 0:01:02]} 5. Nf3 {[%emt 0:00:50]} Bg4 {[%emt 0:01:23]} 6. h3 {[%emt 0:00:39]} Bh5 {[%emt 0:00:00]} 7. Be3 {[%emt 0:00:25]} Ne7 {[%emt 0:00:43]} 8. Nbd2 {[%emt 0:00:19]} Nbc6 {[%emt 0:00:28]} 9. c3 {[%emt 0:00:08]} Qd7 {[%emt 0:00:00]} 10. Qc2 {[%emt 0:01:59]} h6 {[%emt 0:00:41]} 11. b4 {[%emt 0:10:43]} g5 {[%emt 0:06:20]} 12. a3 {[%emt 0:00:00]} f5 {[%emt 0:01:32]} 13. Nb3 {[%emt 0:04:19]} Bxf3 {[%emt 0:06:49]} 14. gxf3 {[%emt 0:00:00]} O-O-O {[%emt 0:01:59]} 15. Nc5 {[%emt 0:02:35]} Bxc5 {[%emt 0:02:10]} 16. bxc5 {[%emt 0:00:00]} f4 {[%emt 0:01:45]} 17. Bd2 {[%emt 0:00:52]} Rde8 {[%emt 0:01:58]} 18. Kd1 {[%emt 0:07:06]} Na5 {[%emt 0:04:03]} 19. Rb1 {[%emt 0:00:00]} Nc4 {[%emt 0:05:26]} 20. Qb3 {[%emt 0:06:06]} Qc6 {[%emt 0:00:39]} 21. Kc2 {[%emt 0:06:09]} Kb8 {[%emt 0:13:39]} 22. Rhg1 {[%emt 0:00:00]} Ng6 {[%emt 0:32:10]} 23. Bxc4 {[%emt 0:06:02]} dxc4 {[%emt 0:00:00]} 24. Qxc4 {[%emt 0:04:13]} Rd8 {[%emt 0:03:54]} 25. Rge1 {[%emt 0:03:35]} Nh4 {[%emt 0:00:00]} 26. Re6 {[%emt 0:05:05]} Rd6 {[%emt 0:00:00]} 27. Rxd6 {[%emt 0:19:39]} cxd6 {[%emt 0:00:00]} 28. Qe6 {[%emt 0:00:27]} Nxf3 {[%emt 0:00:00]} 29. Qxd6+ {[%emt 0:02:46]} Qxd6 {[%emt 0:00:00]} 30. cxd6 {[%emt 0:00:00]} Rd8 {[%emt 0:00:00]} 31. Kd3 {[%emt 0:00:00]} Rxd6 {[%emt 0:00:00]} 32. Ke2 {[%emt 0:00:22]} Nh4 {[%emt 0:00:24]} 33. f3 {[%emt 0:04:47]} 1/2-1/2

[Event "XII Sabadell Open 2019"]
[Site "Sabadell"]
[Date "2019.09.09"]
[Round "8.1"]
[White "Diaz Camallonga, Carles"]
[Black "Oliva Castaneda, Kevel"]
[Result "0-1"]
[WhiteElo "2440"]
[BlackElo "2470"]
[Annotator "TA"]
[PlyCount "122"]
[EventDate "2019.09.01"]
[EventCountry "ESP"]
[SourceTitle "playchess.com"]
[Source "ChessBase"]
[SourceQuality "1"]

{[%evp 16,268,14,0,0,0,0,0,0,0,0,-6,14,5,0,-25,-10,-45,-47,-24,0,-37,-27,-31,-27,-30,-44,-44,-29,-29,-19,-17,-8,-22,-14,-12,-16,-46,-35,-34,-30,-43,-43,-43,-43,-48,-43,-43,-43,-43,-43,-42,-42,-43,-43,-51,-50,-45,-58,-52,-42,-56,-31,-54,-22,-27,-38,-69,-70,-71,-66,-77,-66,-81,-64,-70,-46,-65,-66,-163,-163,-156,-139,-155,-122,-97,-56,-229,-229,-270,-256,-268,-265,-262,-247,-437,-437,-431,-418,-404,-319,-305,-304,-285,-98,-441,-380,-386,-282,-264,-263,-253,-252,-302,-296,-289,-275,-242,-161,-161,-161,-162,-161,-161,-161,-161,-159,-158,-157,-154,-154,-172,-164,-172,-164,-165,-50,-51,-48,-48,-42,-48,-48,-48,-48,-47,-36,-36,-36,-48,-47,-47,-36,-36,-36,-36,-36,-36,-36,-54,-54,-54,-36,-36,-36,-36,-36,-36,-36,-36,-35,-45,-36,-36,-36,-36,-36,-36,-36,-36,-36,-36,-36,-45,-36,-38,-35,-35,-35,-48,-48,-48,-48,-48,-48,-48,-29,-29,-29,-29,-29,-29,-22,-29,-29,-29,-29,-29,-29,-30,-29,-29,-22,-22,0,-14,-14,-22,-22,-26,-22,-22,-8,-14,-14,-22,-22,-22,-22,-22,-22,-36,-36,-36,-44,-41,-41,-41,-22,-22,0,0,0,-26,-26,-26,-26,-26,0,-29991,-29992,-29992,-29993,-29996,-29997]} 1. e4 e5 2. Nf3 Nc6 3. Bb5 a6 4. Ba4 Nf6 5. d3 d6 6. c3 g6 7. Bg5 Bg7 8. Nbd2 {[%cal Bb1d2,Bd2f1,Bf1e3,Be3c4][%mdl 32]} O-O 9. Nf1 h6 {C77: Ruy Lopez: 3...a6 4 Ba4 Nf6, unusual lines} (9... d5 10. Qe2 Qd6 11. Bxf6 Bxf6 12. Ne3 Ne7 13. Bb3 c6 14. h4 Be6 15. Ng5 Bd7 16. Rd1 Rad8 17. Qf3 {½-½ (56) Carlsen,M (2810)-Caruana,F (2675) Wijk aan Zee 2010}) 10. Bh4 d5 11. exd5 Qxd5 {The position is equal.} 12. Ne3 Qd6 $146 ({Predecessor:} 12... Qe6 13. O-O b5 14. Bb3 Qd6 15. d4 exd4 {0-1 (54) Stripunsky,A (2569)-Onischuk,A (2650) New York 2006}) 13. Bxc6 bxc6 14. O-O Nh5 15. Nc4 Qd5 $1 16. Bg3 Nxg3 17. hxg3 Bf5 18. Ne1 Be6 19. Qe2 Rfd8 20. b3 $1 a5 21. Rd1 a4 (21... e4 $5) 22. Nf3 $1 {[%cal Rf3e5]} axb3 23. axb3 {[%cal Rf3e5]} Bg4 24. Rfe1 Re8 25. b4 Qb5 26. Ne3 Be6 27. d4 e4 28. Nd2 f5 29. Ndc4 g5 30. Na5 Qxe2 31. Rxe2 f4 32. gxf4 gxf4 33. Nec4 Bg4 {[#]} 34. f3 $1 {[%cal Rf3g4][%mdl 512]} exf3 35. Rxe8+ Rxe8 36. gxf3 $1 Bxf3 37. Rf1 Bd5 38. Rxf4 Re1+ 39. Rf1 Re4 40. Kf2 Bf6 41. Rg1+ Kh7 42. Ne3 Rf4+ 43. Ke2 Bf3+ 44. Kd3 h5 45. Nac4 h4 46. Nd2 Bh5 $1 47. Rh1 (47. Nec4 $15) 47... Bg5 $1 $19 48. Rh2 Kh6 49. Rh3 Kg7 50. Rh2 Kh7 51. Rg2 $2 (51. Nec4 $1 $15) 51... Bg6+ $1 52. Ke2 h3 $1 53. Rh2 ({Don't blunder} 53. Rxg5 $2 h2 $19) 53... Bh5+ 54. Kd3 Rh4 $1 55. c4 $2 (55. Nef1) 55... Bf4 56. Rh1 h2 57. Nef1 Bg6+ 58. Ke2 Rh3 59. Kf2 {Now Nf3 and White clings on.} Bh5 $2 (59... Kg7 $19 60. Ke1 Kf6) 60. b5 $2 {[%mdl 8192]} (60. Ne4 $17) 60... cxb5 61. cxb5 Kg6 {Played: Rh3-d3} 0-1

[Event "XII Sabadell Open 2019"]
[Site "Sabadell"]
[Date "2019.09.09"]
[Round "8.2"]
[White "Sanchez, Sebastian Felipe"]
[Black "Arenas, David"]
[Result "1/2-1/2"]
[WhiteElo "2413"]
[BlackElo "2454"]
[Annotator "TA"]
[PlyCount "38"]
[EventDate "2019.09.01"]
[EventCountry "ESP"]
[SourceTitle "playchess.com"]
[Source "ChessBase"]
[SourceQuality "1"]

{[%evp 20,26,22,17,18,9,28,19,34]} 1. d4 Nf6 2. Bf4 g6 3. e3 Bg7 4. Be2 O-O 5. Nf3 b6 6. O-O c5 7. c3 Bb7 8. Nbd2 d6 9. h3 Nbd7 10. Bh2 a6 11. a4 cxd4 {A48: 1 d4 Nf6 2 Nf3 g6: Torre, London and Colle Systems} 12. exd4 Nd5 13. Re1 Bh6 {[#]} {Predecessor:} 14. Bd3 $146 N7f6 15. Ne4 Nh5 16. Bf1 Ne3 17. fxe3 Bxe4 18. Bd3 Nf6 19. Bxe4 Nxe4 {0-1 (52) Zhigalko,S (2616)-Cheparinov,I (2712) Ankara 2018} 1/2-1/2

[Event "XII Sabadell Open 2019"]
[Site "Sabadell"]
[Date "2019.09.09"]
[Round "8.3"]
[White "Valderrama Quiceno, Esteban Alb"]
[Black "Stella, Andrea"]
[Result "1/2-1/2"]
[WhiteElo "2407"]
[BlackElo "2487"]
[Annotator "TA"]
[PlyCount "29"]
[EventDate "2019.09.01"]
[EventCountry "ESP"]
[SourceTitle "playchess.com"]
[Source "ChessBase"]
[SourceQuality "1"]

{[%evp 21,29,0,0,0,0,-13,-10,-25,-21,-55]} 1. Nf3 d5 2. g3 c5 3. c4 d4 4. Bg2 Nc6 5. d3 e5 6. O-O Nf6 7. e3 Be7 8. exd4 exd4 9. Bf4 O-O 10. Ne5 Nxe5 11. Bxe5 Ng4 12. Bf4 {A09: Réti Opening: 1 Nf3 d5 2 c4} Bd6 13. Qf3 {[#]} Qf6 $146 ({Predecessor:} 13... Bxf4 14. Qxf4 g5 15. Qd2 Rb8 16. Na3 b6 17. Rae1 Qf6 18. h3 Ne5 19. f4 gxf4 20. Rxf4 Qg7 21. Nb5 f6 22. Nd6 Qxg3 23. Nxc8 Qxd3 24. Ne7+ Kh8 25. Qf2 {1-0 (25) Kramnik,V (2772)-Ivanchuk,V (2739) Moscow 2009}) 14. Bxd6 Qxd6 15. Re1 1/2-1/2

[Event "XII Sabadell Open 2019"]
[Site "Sabadell"]
[Date "2019.09.09"]
[Round "8.4"]
[White "Moskalenko, Viktor"]
[Black "Ortega Serra, Marc"]
[Result "1-0"]
[WhiteElo "2475"]
[BlackElo "2297"]
[Annotator "TA"]
[PlyCount "89"]
[EventDate "2019.09.01"]
[EventCountry "ESP"]
[SourceTitle "playchess.com"]
[Source "ChessBase"]
[SourceQuality "1"]

{[%evp 20,89,62,54,76,50,55,56,82,77,72,68,85,74,79,87,82,37,41,34,39,24,19,40,125,125,162,124,154,143,135,134,177,177,181,185,180,152,188,187,176,164,177,164,144,104,181,181,364,355,432,432,434,418,486,183,643,650,647,640,639,606,744,711,722,676,863,790,1373,1297,1172,1102]} 1. Nf3 Nf6 2. g3 d5 3. Bg2 e6 4. O-O Be7 5. d3 b6 6. Nbd2 Bb7 7. c3 c5 8. e4 Nc6 9. Re1 Qc7 10. Qe2 O-O-O 11. a3 Ba6 {C00: French: Unusual White 2nd moves} 12. e5 Nd7 13. b4 g5 {[#] next ...g4 is good for Black.White is slightly better.} (13... Kb8 14. Rb1 cxb4 15. axb4 Bb7 16. Nb3 b5 17. Nc5 Bxc5 18. bxc5 a6 19. Ba3 {1-0 (36) Preotu,R (2501)-Cao,J (2328) Calgary 2017}) 14. c4 $1 {b5 is the strong threat.} g4 $146 ({Predecessor:} 14... Bb7 15. cxd5 exd5 16. b5 Na5 17. Kh1 Nf8 18. Bb2 Ne6 19. Bc3 {1-0 (40) Veizaj,M-Grigoriou,M Bihac 1979}) 15. b5 {[%mdl 64] Double Attack} gxf3 16. Nxf3 Bb7 {Hoping for ...Na5.} 17. bxc6 Bxc6 18. Bg5 Nb8 19. Bxe7 Qxe7 20. a4 dxc4 21. dxc4 Qb7 (21... a5 $1 $14) 22. a5 $16 Na6 23. axb6 axb6 {[#]} 24. Ra3 $1 {aiming for Rea1.} Nb4 25. Rea1 Kb8 26. Ra7 Qxa7 27. Rxa7 Kxa7 28. Ng5 Bxg2 29. Kxg2 Rd7 30. Ne4 {[%mdl 1024] White has strong compensation.} Kb8 31. Nf6 Rc7 32. Qg4 Rd8 (32... Nc6 $16) 33. Qg5 $18 Rd4 $2 (33... h6 {might work better.} 34. Qxh6 Nd3) 34. Ne8 Rcd7 35. Qg8 Nc6 36. Nd6+ Nd8 37. Qe8 $2 (37. Qxh7 {Strongly threatening h4.} Nb7 38. Qh8+ (38. Nxf7 Nd8 $16) 38... Rd8 39. Qf6) 37... R7xd6 $2 (37... Kc7 38. Nb5+ {[%mdl 64] Double Attack} Kc6) 38. exd6 {White is clearly winning.} Rxd6 {[%mdl 4096] Endgame KQ-KRN} 39. h4 Kc7 40. Qh8 Nc6 41. Qxh7 Ne5 42. h5 Rd2 43. h6 Nxc4 44. Qxf7+ {[%mdl 64] Double Attack} Rd7 {[#]} 45. Qxd7+ $1 {[%mdl 576] Promotion. Accuracy: White = 76%, Black = 25%.} 1-0

[Event "XII Sabadell Open 2019"]
[Site "Sabadell"]
[Date "2019.09.09"]
[Round "8.5"]
[White "Avila Pavas, Santiago"]
[Black "Harikrishnan.A.Ra"]
[Result "1/2-1/2"]
[WhiteElo "2412"]
[BlackElo "2422"]
[Annotator "TA"]
[PlyCount "84"]
[EventDate "2019.09.01"]
[EventCountry "ESP"]
[SourceTitle "playchess.com"]
[Source "ChessBase"]
[SourceQuality "1"]

{[%evp 12,84,25,7,37,28,55,25,25,31,35,7,40,35,35,34,43,33,40,0,0,-5,-2,-1,-10,-8,0,0,0,-7,0,0,0,0,0,-32,-25,-25,-8,-27,0,-4,0,0,0,0,52,25,26,22,32,0,17,0,19,0,0,-80,8,10,11,0,0,0,16,5,9,9,9,0,5,0,0,0,5]} 1. Nf3 Nf6 2. g3 d5 3. Bg2 c6 4. O-O Bg4 5. c4 Nbd7 6. cxd5 cxd5 7. Qb3 Qb6 {A11: English Opening: 1...c6} 8. Qxb6 (8. Nc3 e6 9. Qxb6 Nxb6 10. Nb5 Kd8 11. d3 a6 12. Nc3 Nbd7 13. Bf4 Bc5 14. Rac1 Ke7 15. Ne5 Nxe5 16. Bxe5 Bd6 17. Bxd6+ Kxd6 18. h3 Bh5 19. f4 Bg6 20. e4 {1-0 (20) Petrosian,T (2648)-Kempinski,R (2599) Warsaw 2012}) 8... axb6 9. d4 $146 ({Predecessor:} 9. Nc3 e6 10. d3 Be7 11. Nd4 O-O 12. h3 Bh5 13. Ndb5 Bc5 14. d4 Bb4 15. Bf4 {1-0 (35) Vaulin,A (2540)-Klimov,S (2438) St Petersburg 2001}) 9... e6 {White has an edge.} 10. Nc3 Bb4 11. Bd2 O-O 12. Rfc1 Rfc8 13. e3 Ne4 14. Nxe4 dxe4 15. Rxc8+ (15. Bxb4 {feels hotter.} Bxf3 16. Bf1 Nf6 17. a3 Nd5 18. Bd2) 15... Rxc8 16. Ne5 Nxe5 17. Bxb4 Nf3+ 18. Bxf3 exf3 $11 {[%mdl 4096] Endgame KRB-KRB} 19. Bc3 Bf5 20. Kf1 Be4 21. Ke1 f6 22. Kd2 Kf7 23. Ke1 Kg6 24. Kd2 Rd8 25. Rh1 Rd5 26. Bb4 Rb5 27. a3 Rh5 28. Bd6 Bf5 ({Black should try} 28... Rd5 $11 29. Bc7 e5) 29. Bc7 Be4 30. Kc3 b5 31. Kd2 Rd5 32. Ba5 Rh5 33. Bc7 Rh3 34. Bf4 {[#]} (34. g4 $11 {remains equal.}) 34... Kf5 ({Black should play} 34... h5 $1 $17) 35. g4+ $1 {The position is equal.} Kg6 36. Bg3 h5 37. gxh5+ Rxh5 38. Rg1 Kf7 39. Rc1 Bc6 40. Kd3 Rh8 41. Rc5 Rd8 42. Kc2 Be4+ {Accuracy: White = 37%, Black = 44%.} 1/2-1/2

[Event "XII Sabadell Open 2019"]
[Site "Sabadell"]
[Date "2019.09.09"]
[Round "8.6"]
[White "Martinez Romero, Martin"]
[Black "Vergara Jofre, Felipe"]
[Result "1-0"]
[WhiteElo "2421"]
[BlackElo "2343"]
[Annotator "RC"]
[PlyCount "95"]
[EventDate "2019.09.01"]
[EventCountry "ESP"]
[SourceTitle "playchess.com"]
[Source "ChessBase"]
[SourceQuality "1"]
[TimeControl "5400+30"]

1. e4 {[%emt 0:06:39]} c5 {[%emt 0:00:00]} 2. Nf3 {[%emt 0:00:04]} Nc6 {[%emt 0:00:00]} 3. Bb5 {[%emt 0:00:35]} Nf6 {[%emt 0:00:00]} 4. e5 {[%emt 0:00:30]} Ng4 {[%emt 0:00:29]} 5. Bxc6 {[%emt 0:01:03]} dxc6 {[%emt 0:00:04]} 6. O-O {[%emt 0:00:47]} g6 {[%emt 0:00:08]} 7. d3 {[%emt 0:01:16]} Bg7 {[%emt 0:00:15]} 8. Re1 {[%emt 0:00:31]} O-O {[%emt 0:06:48]} 9. Qe2 {[%emt 0:03:43]} Nh6 {[%emt 0:03:17]} 10. h3 {[%emt 0:05:45]} Nf5 {[%emt 0:02:51]} 11. Nbd2 {[%emt 0:00:25]} Nd4 {[%emt 0:05:30]} 12. Nxd4 {[%emt 0:00:41]} cxd4 {[%emt 0:00:02]} 13. Nf3 {[%emt 0:01:44]} Qd5 {[%emt 0:07:45]} 14. Bf4 {[%emt 0:06:37]} c5 {[%emt 0:05:00]} 15. a4 {[%emt 0:00:00]} Bd7 {[%emt 0:02:23]} 16. Nd2 {[%emt 0:01:20]} Bc6 {[%emt 0:00:00]} 17. f3 {[%emt 0:00:12]} h6 {[%emt 0:15:49]} 18. b3 {[%emt 0:01:59]} Kh7 {[%emt 0:05:56]} 19. Qf2 {[%emt 0:01:31]} g5 {[%emt 0:01:51]} 20. Bh2 {[%emt 0:00:14]} f5 {[%emt 0:00:34]} 21. exf6 {[%emt 0:00:12]} exf6 {[%emt 0:00:44]} 22. Nc4 {[%emt 0:00:46]} f5 {[%emt 0:02:35]} 23. Be5 {[%emt 0:01:07]} Rfe8 {[%emt 0:06:08]} 24. Bxg7 {[%emt 0:01:04]} Kxg7 {[%emt 0:00:01]} 25. Rxe8 {[%emt 0:00:12]} Rxe8 {[%emt 0:00:20]} 26. Re1 {[%emt 0:00:04]} Rxe1+ {[%emt 0:03:32]} 27. Qxe1 {[%emt 0:04:49]} Kf6 {[%emt 0:00:01]} 28. Qa5 {[%emt 0:09:44]} g4 {[%emt 0:08:43]} 29. Qd2 {[%emt 0:00:00]} Kg7 {[%emt 0:01:28]} 30. hxg4 {[%emt 0:00:52]} fxg4 {[%emt 0:00:06]} 31. fxg4 {[%emt 0:13:25]} Bd7 {[%emt 0:07:02]} 32. Qf4 {[%emt 0:00:00]} Qg5 {[%emt 0:11:24]} 33. Qc7 {[%emt 0:00:00]} Qxg4 {[%emt 0:00:35]} 34. Qxb7 {[%emt 0:08:10]} Kf6 {[%emt 0:03:02]} 35. Qd5 {[%emt 0:00:00]} Qd1+ {[%emt 0:01:44]} 36. Kh2 {[%emt 0:00:00]} Qg4 {[%emt 0:00:18]} 37. Qe5+ {[%emt 0:00:00]} Kg6 {[%emt 0:00:39]} 38. Qd6+ {[%emt 0:00:00]} Kh7 {[%emt 0:02:46]} 39. Nd2 {[%emt 0:00:00]} Qh5+ {[%emt 0:00:00]} 40. Kg1 {[%emt 0:00:00]} Bg4 {[%emt 0:00:00]} 41. Ne4 {[%emt 0:00:00]} Qh4 {[%emt 0:00:06]} 42. g3 {[%emt 0:01:42]} Qh3 {[%emt 0:00:01]} 43. Qe7+ {[%emt 0:01:45]} Kg6 {[%emt 0:00:48]} 44. Qe8+ {[%emt 0:01:49]} Kg7 {[%emt 0:00:24]} 45. Qe5+ {[%emt 0:00:15]} Kg6 {[%emt 0:00:15]} 46. Nf2 {[%emt 0:01:47]} Qh5 {[%emt 0:00:01]} 47. Qe4+ {[%emt 0:00:13]} Bf5 {[%emt 0:00:43]} 48. g4 {[%emt 0:00:28]} 1-0